Countries Visited by Doraemon in the Films - Statistics

General Stats
  • This quiz has been taken 109 times
  • The average score is 13 of 42
Answer Stats
Country % Correct
Japan
98%
United States
91%
China
85%
United Kingdom
83%
France
72%
Canada
70%
Italy
67%
Germany
63%
Australia
60%
Mexico
60%
New Zealand
40%
Iraq
33%
Mongolia
29%
Cuba
26%
Dominican Republic
22%
DR Congo
21%
Haiti
21%
Fiji
20%
Jamaica
20%
The Bahamas
20%
Barbados
17%
Kiribati
17%
St. Kitts and Nevis
17%
Tonga
17%
Trinidad and Tobago
17%
Tuvalu
17%
Antigua and Barbuda
16%
Dominica
16%
Nauru
16%
Papua New Guinea
16%
Samoa
16%
St. Lucia
16%
St. Vincent and the Grenadines
16%
Vanuatu
16%
Federated States of Micronesia
15%
Grenada
15%
Marshall Islands
15%
Palau
15%
Solomon Islands
15%
Ukraine
15%
Croatia
11%
Slovenia
5%
No matching quizzes found
Score Distribution
Percent of People with Each Score
Percentile by Number Answered
Your Score History
You have not taken this quiz